|
|
|
|
| LEADER |
03681nam a2200781 ia4500 |
| 001 |
nkc20223423597 |
| 003 |
CZ PrNK |
| 005 |
20240702232338.0 |
| 007 |
ta |
| 008 |
230420s2021 xr abe f 000 0 eng |
| 015 |
|
|
|a cnb003423597
|
| 020 |
|
|
|a 978-80-7647-058-3
|q (brožováno) :
|c neprodejné
|
| 035 |
|
|
|a (OCoLC)1381701672
|
| 040 |
|
|
|a ABA001
|b cze
|d OLA001
|e rda
|
| 041 |
1 |
|
|a eng
|h cze
|
| 043 |
|
|
|a e-xr---
|b e-xr-pg
|2 czenas
|
| 072 |
|
7 |
|a 71
|x Územní plánování. Urbanismus. Památková péče
|2 Konspekt
|9 21
|
| 080 |
|
|
|a 711.523
|2 MRF
|
| 080 |
|
|
|a 711.4
|2 MRF
|
| 080 |
|
|
|a 316.334.56
|2 MRF
|
| 080 |
|
|
|a 304.444
|2 MRF
|
| 080 |
|
|
|a 341.232.7
|2 MRF
|
| 080 |
|
|
|a (437.311)
|2 MRF
|
| 080 |
|
|
|a (048.8)
|2 MRF
|
| 080 |
|
|
|a (047)
|2 MRF
|
| 080 |
|
|
|a (084.3)
|2 MRF
|
| 100 |
1 |
|
|a Cikán, Miroslav,
|d 1964-
|7 xx0150783
|4 aut
|
| 245 |
1 |
0 |
|a Management plan for conservation of world cultural heritage of the Historic Centre of Prague - part 001 /
|c Miroslav Cikán, Jan Sedlák ; translation of English version: Mike Allen
|
| 250 |
|
|
|a 1st edition
|
| 264 |
|
1 |
|a [Prague] :
|b City of Prague, Heritage Department of Prague City Hall,
|c 2021
|
| 300 |
|
|
|a 3 svazky :
|b ilustrace (převážně barevné), mapy, plány ;
|c 24 cm
|
| 336 |
|
|
|a text
|b txt
|2 rdacontent
|
| 336 |
|
|
|a statický obraz
|b sti
|2 rdacontent
|
| 337 |
|
|
|a bez média
|b n
|2 rdamedia
|
| 338 |
|
|
|a svazek
|b nc
|2 rdacarrier
|
| 500 |
|
|
|a Přeloženo z češtiny
|
| 500 |
|
|
|a Ve společném kartonovém pouzdru (25 x 19 x 7 cm)
|
| 500 |
|
|
|a 150 výtisků
|
| 505 |
0 |
|
|a A. Basic information on value of the property - components of the image, description of valuable features - SWOT analysis. 141 stran -- B. Objectives - measures - comments on objectives and measures - legal and methodological instruments - text annexes. 181 stran -- C. Map annexes. 87 stran (některé složené)
|
| 650 |
0 |
7 |
|a městská historická centra
|7 ph137096
|z Česko
|2 czenas
|
| 650 |
0 |
7 |
|a urbanismus
|7 ph116541
|z Česko
|2 czenas
|
| 650 |
0 |
7 |
|a sociologie města
|7 ph125754
|z Česko
|2 czenas
|
| 650 |
0 |
7 |
|a ochrana kulturního dědictví
|7 ph137196
|z Česko
|2 czenas
|
| 650 |
0 |
9 |
|a historical town centers
|z Czechia
|2 eczenas
|
| 650 |
0 |
9 |
|a city planning
|z Czechia
|2 eczenas
|
| 650 |
0 |
9 |
|a urban sociology
|z Czechia
|2 eczenas
|
| 650 |
0 |
9 |
|a protection of cultural heritage
|z Czechia
|2 eczenas
|
| 651 |
|
7 |
|a Praha (Česko)
|7 ge118011
|2 czenas
|
| 651 |
|
9 |
|a Prague (Czechia)
|2 eczenas
|
| 655 |
|
7 |
|a přehledy
|7 fd133202
|2 czenas
|
| 655 |
|
7 |
|a zprávy
|7 fd133875
|2 czenas
|
| 655 |
|
7 |
|a mapy
|7 fd132800
|2 czenas
|
| 655 |
|
9 |
|a surveys
|2 eczenas
|
| 655 |
|
9 |
|a reports
|2 eczenas
|
| 655 |
|
9 |
|a maps
|2 eczenas
|
| 700 |
1 |
|
|a Sedlák, Jan,
|d 1951-
|7 ntka173952
|4 aut
|4 pht
|
| 700 |
1 |
|
|a Allen, Mike,
|d 1980-
|7 mzk20241217827
|4 trl
|
| 856 |
4 |
1 |
|3 Online verze
|u https://pamatky.praha.eu/file/3420419/MgP_2021_sesit_A_EN_nahled.pdf
|z A
|4 N
|
| 856 |
4 |
1 |
|3 Online verze
|u https://pamatky.praha.eu/file/3420421/MgP_2021_sesit_B_EN_nahled.pdf
|z B
|4 N
|
| 856 |
4 |
1 |
|3 Online verze
|u https://pamatky.praha.eu/file/3420423/MgP_2021_sesit_C_EN_nahled.pdf
|z C
|4 N
|
| 910 |
2 |
|
|a BOA001
|b 2-1508.154
|s A-C
|
| 928 |
9 |
|
|a Hlavní město Praha, Odbor památkové péče Magistrátu hl. m. Prahy
|
| 928 |
9 |
|
|a Magistrát hlavního města Prahy, Odbor památkové péče
|
| 990 |
|
|
|a BK
|
| 995 |
|
|
|a 01
|
| 996 |
6 |
|
|b 2610937928
|c 2-1508.154
|d 1, A
|v 1
|l MZK
|r Sklad / do 1 hodiny
|n 0
|p p.v.
|w 001924500
|u 000010
|a 1
|e BOA001
|j MZK50
|s P
|
| 996 |
6 |
|
|b 2610937929
|c 2-1508.154
|d 2, B
|v 2
|l MZK
|r Sklad / do 1 hodiny
|n 0
|p p.v.
|w 001924500
|u 000020
|a 1
|e BOA001
|j MZK50
|s P
|
| 996 |
6 |
|
|b 2610937930
|c 2-1508.154
|d 3, C
|v 3
|l MZK
|r Sklad / do 1 hodiny
|n 0
|p p.v.
|w 001924500
|u 000030
|a 1
|e BOA001
|j MZK50
|s P
|